<A> knowledge based system for controls-displays selection.
Opis vývoja systému, ktorý na základe vedomostí môže uľahčiť výber ovládacích prvkov a displejov, ktoré sú dôležitou zložkou efektívnych systémov človek-stroj. Zozbierali sa informácie z literatúry a klasifikovali sa. Na ich základe sa o tom skonštruoval rozhodovací strom.
Enregistré dans:
| Auteur principal: | |
|---|---|
| Autres auteurs: | |
| Format: | Chapitre de livre |
| Langue: | anglais |
| Sujets: | |
| Tags: |
Pas de tags, Soyez le premier à ajouter un tag!
|
MARC
| LEADER | 00000naa a2200000 4500 | ||
|---|---|---|---|
| 001 | r008199 | ||
| 005 | 20221130102824.7 | ||
| 041 | 0 | |a eng | |
| 044 | |a NL | ||
| 245 | 1 | 0 | |a <A> knowledge based system for controls-displays selection. |c M.J. Wang, H.P. Teh |
| 520 | |a Opis vývoja systému, ktorý na základe vedomostí môže uľahčiť výber ovládacích prvkov a displejov, ktoré sú dôležitou zložkou efektívnych systémov človek-stroj. Zozbierali sa informácie z literatúry a klasifikovali sa. Na ich základe sa o tom skonštruoval rozhodovací strom. | ||
| 610 | 2 | 0 | |a báza znalostí |
| 610 | 2 | 0 | |a jednotka zobrazovacia |
| 610 | 2 | 0 | |a systém človek-stroj |
| 610 | 2 | 0 | |a rozhodovanie |
| 610 | 2 | 0 | |a riadenie |
| 100 | 1 | |a Wang, M.J. | |
| 700 | 1 | |a Teh, H.P. | |